Islam : Cabaran dan isu semasa

Bibliographic Details
Other Authors: Ismail Abd. Rahman, Mohd Nasir Omar
Format: Book
Published: Kuala Lumpur : DBP , 1991
Subjects:

MARC

LEADER 00000cam a2200000 7i4500
001 0000004840
002 000005216
005 20000330.0
020 |a 9836221867 
090 0 0 |a 297.09595   |b ISL 
245 1 0 |a Islam :   |b Cabaran dan isu semasa   |c diselenggarakan oleh Ismail Abdul Rahman dan Mohd Nasir Omar 
260 |a Kuala Lumpur :   |b DBP ,   |c 1991 
300 |a 204p. ;   |c 22cm. 
650 0 0 |a Islam   |x History   |z Malaysia 
700 0 |a Ismail Abd. Rahman   |f Haji 
700 0 |a Mohd Nasir Omar 
999 |a 033488   |b BUKU   |c PINJAMAN   |e PERPUSTAKAAN KOMUNITI PETALING JAYA